000 00220nam a2200097Ia 4500
008 240625s9999 xx 000 0 und d
041 _aeng
082 _a823 HOL
100 _aHOLT FRANK L
245 _aINTO THE LAND OF BONES
999 _c32967
_d32967